000 00701nam a2200289Ia 4500
005 20260324135635.0
008 008 260324s9999 xx 000 0 eng d
020 _a9781315053608
037 _aEBOOK
040 _aCRL
040 _beng
040 _cCRL
041 _2eng
041 _aeng
084 _qCRL
100 _aKermit L. Hall
245 0 _aConscience and Belief: The Supreme Court and Religion
245 4 _bThe Supreme Court in American Society
260 _bTaylor and Francis
260 _c2000
365 _a
365 _b350
856 _uhttp://www.taylorfrancis.com/books/9781315053608
942 _cEBOOK
999 _c1802652
_d1802652